[Event "Mistrzostwa Miedzywojewodzkie Juniorow OP-SL C 15"]
[Site "Szczyrk"]
[Date "2012-10-21"]
[Round "1.1"]
[White "Slezinski, Nikodem"]
[Black "Mucha, Piotr"]
[Result "0-1"]
[WhiteTitle "II"]
[BlackTitle "I"]
[WhiteElo "1708"]
[BlackElo "1981"]

1. e4 c5 2. Nf3 d6 3. d3 Nc6 4. Nbd2 g6 5. g3 Bg7 6. Bg2 Nf6 7. O-O O-O 8. Re1
e5 9. a4 Be6 10. Nf1 Qc7 11. Be3 Nd4 12. Nh4 Rac8 13. Nd2 Bg4 14. f3 Be6 15. c3
Nc6 16. f4 exf4 17. gxf4 Ng4 18. f5 Nxe3 19. Rxe3 Qe7 20. Rh3 Bd7 21. Nc4 Bf6
22. Qg4 Ne5 23. Nxe5 dxe5 24. Rf1 c4 25. Rff3 cxd3 26. Rxd3 Bxh4 27. Rxh4 Bxa4
28. Rdh3 Qc5+ 29. Kh1 Qf2 30. Rf3 Qxb2 31. Qh3 Qc1+ 32. Bf1 Bd1 33. Rg3 Be2 34.
Rg1 Bxf1 35. Rxf1 Qxc3 36. Qg4 Qd3 37. Rd1 Qe3 38. f6 Rc1 0-1

[Event "Mistrzostwa Miedzywojewodzkie Juniorow OP-SL C 15"]
[Site "Szczyrk"]
[Date "2012-10-21"]
[Round "1.3"]
[White "Wiaterek, Jakub"]
[Black "Kosmala, Mateusz"]
[Result "1/2-1/2"]
[WhiteTitle "II"]
[BlackTitle "I"]
[WhiteElo "1598"]
[BlackElo "1865"]

1. d4 c5 2. d5 e5 3. c4 d6 4. e4 g6 5. Nc3 Bg7 6. Bd3 Ne7 7. Nf3 O-O 8. O-O h6
9. Bd2 f5 10. a3 f4 11. b4 Na6 12. Rb1 g5 13. Nb5 Ng6 14. Kh1 g4 15. Ne1 Rf7 16.
Nc2 Bf8 17. Na1 Qh4 18. g3 Qh3 19. Rg1 fxg3 20. Rxg3 Qh5 21. Be3 1/2-1/2

[Event "Mistrzostwa Miedzywojewodzkie Juniorow OP-SL C 15"]
[Site "Szczyrk"]
[Date "2012-10-21"]
[Round "1.5"]
[White "Swiech, Przemyslaw"]
[Black "Karpacz, Piotr"]
[Result "0-1"]
[WhiteTitle "II"]
[BlackTitle "II+"]
[WhiteElo "1524"]
[BlackElo "1822"]

1. b3 d5 2. Bb2 Nf6 3. e3 g6 4. Nf3 Bg7 5. c4 e6 6. Be2 O-O 7. O-O b6 8. d3 Bb7
9. Nbd2 Nbd7 10. cxd5 exd5 11. Rc1 Rc8 12. h3 Qe7 13. Rc2 Rfd8 14. Bxf6 Bxf6 15.
d4 Nf8 16. Re1 Ne6 17. Qc1 c5 18. dxc5 bxc5 19. Rd1 d4 20. exd4 Nxd4 21. Nxd4
cxd4 22. Bg4 Rxc2 23. Qxc2 d3 24. Qb1 Bc3 25. Nc4 h5 26. Bf3 Bxf3 27. gxf3 Qe2
28. Kg2 h4 29. Ne3 Bd2 30. Nc4 Bh6 31. Re1 Qc2 32. Rd1 Rd5 33. Re1 Rg5+ 34. Kf1
Rf5 35. Qxc2 dxc2 36. Ne3 Bxe3 37. fxe3 Rxf3+ 38. Kg2 Rxe3 39. Rc1 Rc3 40. Kf2
f5 0-1

[Event "Mistrzostwa Miedzywojewodzkie Juniorow OP-SL C 15"]
[Site "Szczyrk"]
[Date "2012-10-21"]
[Round "1.6"]
[White "Klimek, Piotr"]
[Black "Blaszczak, Jedrzej"]
[Result "1-0"]
[WhiteTitle "I"]
[BlackTitle "II"]
[WhiteElo "1773"]
[BlackElo "1512"]

1. e4 c6 2. d4 d5 3. f3 dxe4 4. fxe4 e5 5. Nf3 exd4 6. Bc4 b5 7. Bb3 c5 8. Bd5
Bg4 9. Bxa8 Bxf3 10. Qxf3 c4 11. O-O f6 12. Bf4 1-0

[Event "Mistrzostwa Miedzywojewodzkie Juniorow OP-SL C 15"]
[Site "Szczyrk"]
[Date "2012-10-21"]
[Round "1.7"]
[White "Karp, Maciej"]
[Black "Beczala, Pawel"]
[Result "1/2-1/2"]
[WhiteTitle "II"]
[BlackTitle "II+"]
[WhiteElo "1470"]
[BlackElo "1771"]

1. e4 c5 2. c4 Nc6 3. Ne2 g6 4. d4 cxd4 5. Nxd4 Nf6 6. Nc3 d6 7. Be2 Nxd4 8. Qxd4
Bg7 9. Be3 O-O 10. Qd2 Be6 11. O-O Qa5 12. Rac1 Rfe8 13. b3 Rac8 14. Nd5 Qxd2
15. Nxf6+ Bxf6 16. Bxd2 b6 17. Bc3 Bxc3 18. Rxc3 Rc5 19. Rfc1 Rec8 20. a4 Kg7
21. Bd3 h6 22. R3c2 Rf8 23. b4 Rc7 24. f3 a5 25. bxa5 bxa5 26. Rb2 Bd7 27. Rb6
Rc5 28. Ra1 Rfc8 29. Kf2 Be6 30. Rb5 Bd7 31. Rxc5 Rxc5 32. Ke3 Rc7 33. Kd4 Rb7
34. Bc2 Rb4 35. Kc3 Kf6 36. g3 Ke5 37. f4+ Kf6 38. Ra2 e6 39. Rb2 Bxa4 40. Bxa4
Rxa4 41. Rb6 Ra3+ 42. Kd4 Ra2 43. e5+ dxe5+ 44. fxe5+ Kf5 45. c5 Ra4+ 46. Kc3
Kxe5 47. Rd6 Ra1 48. Kb2 Ra4 49. Kb3 Rb4+ 50. Kc3 Rb1 51. Kc4 a4 52. Rd3 Rb8 53.
Ra3 Ra8 54. Kb5 Kd5 55. Rd3+ Ke4 56. Ra3 Kd4 57. Kb6 Kc4 58. Kb7 Rf8 59. c6 Kb4
60. Rf3 a3 61. c7 a2 62. Rf1 e5 63. Ra1 Kb3 64. Re1 e4 65. c8=Q Rxc8 66. Kxc8
Kb2 67. Re2+ Kb3 68. Re1 Kc3 69. Kd7 f5 70. Ke6 Kd3 71. Ke5 e3 72. Kf4 Kd2 73.
Ra1 e2 74. Rxa2+ Kd1 75. Ra1+ 1/2-1/2

[Event "Mistrzostwa Miedzywojewodzkie Juniorow OP-SL C 15"]
[Site "Szczyrk"]
[Date "2012-10-21"]
[Round "1.8"]
[White "Pawlowski, Maciej"]
[Black "Swierad, Lukasz"]
[Result "1-0"]
[WhiteTitle "II+"]
[BlackTitle "II"]
[WhiteElo "1716"]
[BlackElo "1464"]

1. e4 c5 2. Nf3 d6 3. d4 cxd4 4. Nxd4 Nf6 5. Nc3 a6 6. Bc4 e6 7. Bb3 Be7 8. O-O
O-O 9. f4 b5 10. e5 dxe5 11. fxe5 Nfd7 12. Be3 Bb7 13. Qh5 Nc6 14. Rf3 Nxd4 15.
Rh3 h6 16. Bxd4 Nf6 17. Qd1 Nd5 18. Qg4 Kh8 19. Nxd5 Bxd5 20. Be3 Kh7 21. c4 bxc4
22. Bc2+ g6 23. Rxh6+ Kg7 24. Rxg6+ fxg6 25. Qxg6+ Kh8 26. Qh7# 1-0

[Event "Mistrzostwa Miedzywojewodzkie Juniorow OP-SL C 15"]
[Site "Szczyrk"]
[Date "2012-10-21"]
[Round "1.9"]
[White "Lebioda, Jan"]
[Black "Rosicki, Marcin"]
[Result "0-1"]
[WhiteTitle "III"]
[BlackTitle "II+"]
[WhiteElo "1353"]
[BlackElo "1711"]

1. e4 c5 2. c3 e6 3. d4 d5 4. exd5 Qxd5 5. Nf3 Nc6 6. Na3 cxd4 7. Nb5 Bd6 8. Nxd6+
Qxd6 9. Be3 e5 10. Bb5 Bg4 11. Bd2 e4 12. Bxc6+ Qxc6 13. Nxd4 Bxd1 14. Nxc6 Bc2
15. Nd4 Bd3 16. Nf5 g6 17. Nd6+ Ke7 18. Nxb7 Rb8 19. Nc5 Rxb2 20. Nxd3 exd3 21.
O-O-O Rc2+ 22. Kb1 Nf6 23. Rhe1+ Kd7 24. Bf4 Rxf2 25. Rxd3+ Kc8 26. g3 Rd8 27.
Rxd8+ Kxd8 28. h4 Kd7 29. Rd1+ Ke6 30. c4 Ne4 31. Re1 Kf5 32. c5 Nc3+ 33. Kc1
Nxa2+ 34. Kb1 Nc3+ 35. Kc1 Ne2+ 36. Rxe2 Rxe2 37. c6 Re8 38. c7 Rc8 39. Kb2 Ke6
40. Kc3 Kd7 41. Kb4 Rxc7 42. Bxc7 Kxc7 43. Ka5 f5 0-1

[Event "Mistrzostwa Miedzywojewodzkie Juniorow OP-SL C 15"]
[Site "Szczyrk"]
[Date "2012-10-21"]
[Round "2.1"]
[White "Mucha, Piotr"]
[Black "Klimek, Piotr"]
[Result "1/2-1/2"]
[WhiteTitle "I"]
[BlackTitle "I"]
[WhiteElo "1981"]
[BlackElo "1773"]

1. d4 e6 2. c4 f5 3. Nc3 Nf6 4. Nf3 b6 5. g3 Bb7 6. Bg2 Bb4 7. Qb3 Bxc3+ 8. Qxc3
O-O 9. O-O d6 10. b4 Nbd7 11. Bb2 Qe7 12. Rac1 Ne4 13. Qd3 Rad8 14. d5 e5 15.
Nh4 Qg5 16. Nxf5 Nec5 17. bxc5 Nxc5 18. Qc2 Qxf5 19. e4 Qg6 20. f4 exf4 21. gxf4
Rde8 22. Rce1 Bc8 23. f5 Qg5 24. Re3 Rf7 25. Rg3 Qh5 26. Qc3 Qh6 27. Qd4 Ba6 28.
Rf4 Nd7 29. Rh4 Qf6 30. Qf2 Ne5 31. Rgh3 h6 32. Qg3 Kf8 33. Rg4 Nf3+ 34. Bxf3
Qxb2 35. Qf4 Qa1+ 36. Kg2 Bxc4 37. Rxh6 Qf1+ 38. Kg3 Qe1+ 39. Kh3 Bf1+ 40. Bg2
Qc3+ 41. Rg3 Bxg2+ 42. Kxg2 Qb2+ 43. Kh1 gxh6 44. Qxh6+ Ke7 45. Qe6+ Kf8 1/2-1/2

[Event "Mistrzostwa Miedzywojewodzkie Juniorow OP-SL C 15"]
[Site "Szczyrk"]
[Date "2012-10-21"]
[Round "2.2"]
[White "Bialucha, Sebastian"]
[Black "Lizak, Jakub"]
[Result "0-1"]
[WhiteTitle "II"]
[BlackTitle "I"]
[WhiteElo "1298"]
[BlackElo "1858"]

1. b4 e5 2. Bb2 Bxb4 3. Bxe5 Nf6 4. Bxf6 Qxf6 5. c3 O-O 6. d4 Be7 7. Nf3 d6 8.
e3 Qg6 9. g3 Bf5 10. Bg2 Nd7 11. O-O c6 12. Nbd2 d5 13. Re1 Qe6 14. Qb3 Rab8 15.
c4 dxc4 16. Nxc4 Be4 17. Nfe5 Bxg2 18. Kxg2 Bf6 19. Nxd7 Qxd7 20. a4 Rfe8 21.
Kg1 b5 22. axb5 Rxb5 23. Qa3 Rh5 24. Nd2 a5 25. Qc3 c5 26. Nf3 Qg4 27. Kg2 Rf5
28. e4 Rxe4 29. Rxe4 Qxe4 30. Rxa5 g5 31. Rxc5 Rxc5 32. Qxc5 g4 33. Qc3 gxf3+
34. Qxf3 Qxf3+ 35. Kxf3 Bxd4 36. g4 Kg7 37. h4 Kf6 38. Kg3 Ke5 39. f3 Bc3 40.
g5 Kf5 41. f4 Be1+ 42. Kf3 Bxh4 43. Ke3 Bg3 44. Kf3 Bxf4 45. g6 0-1

[Event "Mistrzostwa Miedzywojewodzkie Juniorow OP-SL C 15"]
[Site "Szczyrk"]
[Date "2012-10-21"]
[Round "2.3"]
[White "Karpacz, Piotr"]
[Black "Pawlowski, Maciej"]
[Result "1-0"]
[WhiteTitle "II+"]
[BlackTitle "II+"]
[WhiteElo "1822"]
[BlackElo "1716"]

1. d4 Nf6 2. c4 e6 3. Nc3 Bb4 4. e3 c5 5. Bd3 O-O 6. Nge2 Nc6 7. O-O d5 8. cxd5
exd5 9. a3 cxd4 10. exd4 Bd6 11. h3 a6 12. Bg5 Be6 13. f4 Be7 14. Bc2 b5 15. Qd3
g6 16. f5 Bc8 17. fxg6 fxg6 18. Bxf6 Bxf6 19. Nxd5 Bf5 20. Nxf6+ Rxf6 21. Qb3+
Be6 22. Qe3 Rxf1+ 23. Rxf1 Qd7 24. Bb3 Re8 25. d5 1-0

[Event "Mistrzostwa Miedzywojewodzkie Juniorow OP-SL C 15"]
[Site "Szczyrk"]
[Date "2012-10-21"]
[Round "2.5"]
[White "Kosmala, Mateusz"]
[Black "Karp, Maciej"]
[Result "1-0"]
[WhiteTitle "I"]
[BlackTitle "II"]
[WhiteElo "1865"]
[BlackElo "1470"]

1. e4 e6 2. d4 d5 3. Nc3 Bb4 4. a3 Bxc3+ 5. bxc3 dxe4 6. f3 e3 7. Bxe3 Ne7 8. Bd3
c5 9. Ne2 Nbc6 10. O-O O-O 11. Kh1 Nf5 12. Bxf5 exf5 13. d5 Qe7 14. Bf2 Rd8 15.
Nf4 Qe5 16. Qc1 Ne7 17. Re1 Qd6 18. Qe3 Ng6 19. Bg3 Nxf4 20. Bxf4 Qf8 21. Rad1
b6 22. Bc7 Rd7 23. d6 Bb7 24. Qe5 Bc6 25. Rd2 Bb5 26. Rdd1 Bc4 27. Qxf5 Be6 28.
Qe4 g6 29. Qc6 Rc8 30. Rxe6 Rdxc7 31. dxc7 fxe6 32. Qxe6+ Kh8 33. Qxc8 Qxc8 1-0

[Event "Mistrzostwa Miedzywojewodzkie Juniorow OP-SL C 15"]
[Site "Szczyrk"]
[Date "2012-10-21"]
[Round "2.6"]
[White "Beczala, Pawel"]
[Black "Wiaterek, Jakub"]
[Result "1/2-1/2"]
[WhiteTitle "II+"]
[BlackTitle "II"]
[WhiteElo "1771"]
[BlackElo "1598"]

1. e4 e6 2. d4 d5 3. Nc3 Nf6 4. Bg5 Be7 5. e5 Nfd7 6. Bxe7 Qxe7 7. f4 a6 8. Nf3
c5 9. dxc5 Nxc5 10. Bd3 Nc6 11. O-O b5 12. a3 Bb7 13. Kh1 f5 14. Ng5 O-O 15. Qh5
h6 16. Nf3 Rac8 17. Rac1 b4 18. axb4 Nxb4 19. Rcd1 Qf7 20. Qh4 Qd7 21. Nd4 Rfe8
22. Qf2 Rc7 23. Rg1 Qc8 24. g4 Ne4 25. Qg2 fxg4 26. Nxe4 dxe4 27. Bxe4 Bxe4 28.
Qxe4 Nxc2 29. Rxg4 Nxd4 30. Qxd4 Qb7+ 31. Kg1 Rb8 32. Rg2 Qb6 33. h3 Rc1 34. Kh2
Rxd1 35. Qxd1 Rd8 36. Qg4 Rd7 37. Qg6 Rf7 38. f5 Qe3 39. Qxe6 Qf4+ 40. Kg1 Qxf5
41. Qxa6 Qe4 42. Qe2 Qxe2 43. Rxe2 Rb7 44. Kf1 Rb3 45. Rh2 Kf7 46. Ke1 Ke6 47.
Kd1 Kxe5 48. Kc2 Kd4 49. h4 Rb6 50. Rg2 1/2-1/2

[Event "Mistrzostwa Miedzywojewodzkie Juniorow OP-SL C 15"]
[Site "Szczyrk"]
[Date "2012-10-21"]
[Round "2.7"]
[White "Mazur, Bartlomiej"]
[Black "Slezinski, Nikodem"]
[Result "1-0"]
[WhiteTitle "II+"]
[BlackTitle "II"]
[WhiteElo "1621"]
[BlackElo "1708"]

1. e4 c5 2. Nf3 Nc6 3. d4 cxd4 4. Nxd4 e5 5. Nxc6 bxc6 6. Nc3 Nf6 7. Bc4 Bb4 8.
Bg5 Qa5 9. Qd3 d5 10. exd5 cxd5 11. Bb5+ Bd7 12. Bxd7+ Nxd7 13. O-O Bxc3 14. bxc3
f6 15. Be3 Nb6 16. Rfb1 Rc8 17. Bxb6 axb6 18. Qf5 O-O 19. Qe6+ Kh8 20. Rxb6 Qxc3
21. Rf1 d4 22. a4 Qxc2 23. a5 d3 24. Rd6 Rfd8 25. Qd5 Qc7 26. Rxd8+ Rxd8 27. Qb5
d2 28. Rd1 Qc1 29. Qe2 Rc8 30. Kf1 Rd8 31. a6 Qa3 32. Qb5 h6 33. Ke2 Qa2 34. h3
e4 35. Qc6 f5 36. Qb5 Rd5 37. Qc6 Re5 38. Rxd2 Qa5 39. g3 Rc5 40. Qb7 e3 41. fxe3
Qc3 42. a7 Qc4+ 43. Kf2 1-0

[Event "Mistrzostwa Miedzywojewodzkie Juniorow OP-SL C 15"]
[Site "Szczyrk"]
[Date "2012-10-21"]
[Round "2.8"]
[White "Skierski, Jacek"]
[Black "Blaszczak, Jedrzej"]
[Result "1-0"]
[WhiteTitle "II"]
[BlackTitle "II"]
[WhiteElo "1575"]
[BlackElo "1512"]

1. d4 Nf6 2. c4 g6 3. Nc3 Bg7 4. e4 d6 5. Bg5 O-O 6. Be2 Nbd7 7. f3 c5 8. d5 Nb6
9. a4 Ne8 10. a5 Nd7 11. Nh3 f6 12. Be3 f5 13. O-O Ne5 14. f4 Ng4 15. Bxg4 fxg4
16. Nf2 h5 17. Nd3 b6 18. Bf2 Ba6 19. Qa4 bxa5 20. Bh4 Nf6 21. e5 dxe5 22. fxe5
Nd7 23. d6 Rxf1+ 24. Rxf1 Qc8 25. Nd5 Kh7 26. dxe7 Nxe5 27. Nxe5 Bxe5 28. Rf7+
Kh6 29. Rf8 Bd4+ 30. Bf2 Bxf2+ 31. Kxf2 Qb7 32. b3 1-0

[Event "Mistrzostwa Miedzywojewodzkie Juniorow OP-SL C 15"]
[Site "Szczyrk"]
[Date "2012-10-21"]
[Round "2.9"]
[White "Swierad, Lukasz"]
[Black "Swiech, Przemyslaw"]
[Result "1-0"]
[WhiteTitle "II"]
[BlackTitle "II"]
[WhiteElo "1464"]
[BlackElo "1524"]

1. e4 e6 2. d4 d5 3. e5 c5 4. Qg4 Qc7 5. Nf3 cxd4 6. Bd3 Nc6 7. Qg3 Bd7 8. O-O
Nge7 9. a3 Nf5 10. Bxf5 exf5 11. Re1 g6 12. Bf4 Be6 13. Nbd2 h6 14. h4 Bc5 15.
b4 Bb6 16. Nb3 a6 17. Red1 Qe7 18. Ne1 Bd8 19. Nf3 Bb6 20. Bc1 Rc8 21. Bb2 Rg8
22. Rac1 Rh8 23. Rd3 Rg8 24. Nbd2 Rh8 25. Bxd4 Bxd4 26. Nxd4 Nxd4 27. Rxd4 b6
28. Qd3 Qb7 29. c4 dxc4 30. Nxc4 Bxc4 31. Rdxc4 1-0

[Event "Mistrzostwa Miedzywojewodzkie Juniorow OP-SL C 15"]
[Site "Szczyrk"]
[Date "2012-10-21"]
[Round "3.1"]
[White "Lizak, Jakub"]
[Black "Karpacz, Piotr"]
[Result "1/2-1/2"]
[WhiteTitle "I"]
[BlackTitle "II+"]
[WhiteElo "1858"]
[BlackElo "1822"]

1. e4 e6 2. d4 d5 3. Nc3 Bb4 4. Bd3 dxe4 5. Bxe4 Nf6 6. Bf3 O-O 7. Nge2 c6 8. O-O
Nbd7 9. Bf4 Qe7 10. a3 Bd6 11. Bxd6 Qxd6 12. Ng3 Rd8 13. Nge4 Qe7 14. Qe2 Nd5
15. Rfe1 N7f6 16. g3 Nxc3 17. bxc3 Nxe4 18. Qxe4 Qd6 19. Qh4 Bd7 20. Re5 g6 21.
Qf6 Re8 22. Bg4 b6 23. h4 Rac8 24. h5 Qe7 25. Qf3 f6 26. Re3 Qf7 27. Rae1 c5 28.
Qe2 f5 29. Bf3 Qf6 30. Re5 Kf7 31. Qa6 cxd4 32. cxd4 Rc7 33. c4 Rd8 34. c5 Bc8
35. Qb5 bxc5 36. dxc5 Rd2 37. c6 Qd8 38. R5e3 Qd6 39. Qa5 Rd4 40. Bg2 Re7 41.
Qb5 1/2-1/2

[Event "Mistrzostwa Miedzywojewodzkie Juniorow OP-SL C 15"]
[Site "Szczyrk"]
[Date "2012-10-21"]
[Round "3.2"]
[White "Mazur, Bartlomiej"]
[Black "Mucha, Piotr"]
[Result "1-0"]
[WhiteTitle "II+"]
[BlackTitle "I"]
[WhiteElo "1621"]
[BlackElo "1981"]

1. c4 Nf6 2. g3 g6 3. Bg2 Bg7 4. d3 O-O 5. Nc3 c5 6. e4 d6 7. Be3 Nc6 8. Nge2 e5
9. h3 Be6 10. O-O Nd4 11. Bg5 Qd7 12. Bxf6 Bxf6 13. Nd5 Bg7 14. Nxd4 cxd4 15.
Kh2 f5 16. f3 b5 17. b3 bxc4 18. bxc4 Bxd5 19. cxd5 Rfc8 20. Rb1 Rc3 21. Rb3 Rac8
22. Qb1 Qa4 23. Rb7 Rc2 24. Rb8 Rxb8 25. Qxb8+ Bf8 26. a3 Qxa3 27. Qe8 Qxd3 28.
Qe6+ Kg7 29. Qd7+ Kh6 30. Qd8 Kg7 31. Qd7+ Kf6 32. Qe6+ Kg5 33. h4+ Kh6 34. Qf6
Qe2 35. Qxf8+ Kh5 36. Rg1 Qxf3 37. Qf6 Qg4 38. exf5 gxf5 39. Rf1 f4 40. Qf7+ Kh6
41. Qe6+ Kh5 42. Kh1 Qxe6 43. dxe6 Rc7 44. gxf4 Kg6 45. fxe5 dxe5 46. Be4+ Kg7
47. Kg2 a5 48. Kg3 h5 49. Rf5 a4 50. Rxh5 Rc3+ 51. Kg4 a3 52. e7 Rc8 53. Rxe5
a2 54. Ra5 Kf7 55. Rxa2 Kxe7 56. Kg5 Kf7 57. Bf5 Rd8 58. Ra7+ Ke8 59. Bg6+ Kf8
60. Kf6 Re8 61. Rh7 1-0

[Event "Mistrzostwa Miedzywojewodzkie Juniorow OP-SL C 15"]
[Site "Szczyrk"]
[Date "2012-10-21"]
[Round "3.3"]
[White "Klimek, Piotr"]
[Black "Szczecina, Kamil"]
[Result "1/2-1/2"]
[WhiteTitle "I"]
[BlackTitle "I"]
[WhiteElo "1773"]
[BlackElo "1866"]

1. e4 c5 2. Nf3 e6 3. d4 cxd4 4. Nxd4 a6 5. Bd3 Qc7 6. O-O Nf6 7. c4 d6 8. Nc3
Be7 9. Be3 Nbd7 10. Be2 b6 11. f3 Bb7 12. Rc1 Rc8 13. Qd2 Qb8 14. Rfd1 O-O 15.
Bf1 Bd8 16. Nc2 Bc7 17. Bf4 Ne8 18. Qf2 Kh8 19. Be3 Rg8 20. b4 Nef6 21. g3 g5
22. Bd3 g4 23. f4 Qa8 24. Qg2 b5 1/2-1/2

[Event "Mistrzostwa Miedzywojewodzkie Juniorow OP-SL C 15"]
[Site "Szczyrk"]
[Date "2012-10-21"]
[Round "3.4"]
[White "Beczala, Pawel"]
[Black "Kosmala, Mateusz"]
[Result "1/2-1/2"]
[WhiteTitle "II+"]
[BlackTitle "I"]
[WhiteElo "1771"]
[BlackElo "1865"]

1. e4 a6 2. Nc3 c5 3. f4 e6 4. Nf3 Nc6 5. g3 b6 6. Bg2 Bb7 7. d3 d5 8. O-O d4 9.
Ne2 Qe7 10. a3 O-O-O 11. c3 dxc3 12. bxc3 Qd7 13. d4 Nf6 14. e5 Nd5 15. Rb1 cxd4
16. cxd4 b5 17. h3 h6 18. Kh2 g6 19. Qd3 Kb8 20. Bb2 Rc8 21. Rbc1 Be7 1/2-1/2

[Event "Mistrzostwa Miedzywojewodzkie Juniorow OP-SL C 15"]
[Site "Szczyrk"]
[Date "2012-10-21"]
[Round "3.5"]
[White "Pawlowski, Maciej"]
[Black "Skierski, Jacek"]
[Result "1-0"]
[WhiteTitle "II+"]
[BlackTitle "II"]
[WhiteElo "1716"]
[BlackElo "1575"]

1. e4 e6 2. d4 d5 3. Nc3 Nf6 4. e5 Nfd7 5. Nf3 c5 6. dxc5 Nc6 7. Bf4 Bxc5 8. Bd3
f6 9. Qe2 O-O 10. exf6 Qxf6 11. Bg3 Bb4 12. O-O Bxc3 13. bxc3 e5 14. Bb5 e4 15.
Nd4 Nxd4 16. cxd4 Qxd4 17. Rad1 Qc5 18. Rxd5 Qa3 19. Bd6 1-0

[Event "Mistrzostwa Miedzywojewodzkie Juniorow OP-SL C 15"]
[Site "Szczyrk"]
[Date "2012-10-21"]
[Round "3.6"]
[White "Rosicki, Marcin"]
[Black "Bialucha, Sebastian"]
[Result "1-0"]
[WhiteTitle "II+"]
[BlackTitle "II"]
[WhiteElo "1711"]
[BlackElo "1298"]

1. d4 d5 2. c4 Bf5 3. Qb3 e6 4. Qxb7 Nd7 5. Nc3 Nb6 6. c5 Nd7 7. Nb5 Rc8 8. Bf4
c6 9. Nc7+ Ke7 10. Qxc6 f6 11. e4 dxe4 12. Bc4 Kf7 13. Bxe6+ Bxe6 14. Qxe6+ Kg6
15. Qxe4+ Kf7 16. Qd5+ Kg6 17. Nf3 f5 18. Qe6+ Qf6 19. Nh4+ Kh5 20. Qe2+ Kxh4
21. g3+ 1-0

[Event "Mistrzostwa Miedzywojewodzkie Juniorow OP-SL C 15"]
[Site "Szczyrk"]
[Date "2012-10-21"]
[Round "3.7"]
[White "Wiaterek, Jakub"]
[Black "Lebioda, Jan"]
[Result "0-1"]
[WhiteTitle "II"]
[BlackTitle "III"]
[WhiteElo "1598"]
[BlackElo "1353"]

1. d4 Nf6 2. c4 c5 3. d5 e6 4. Nc3 exd5 5. cxd5 d6 6. e4 g6 7. f3 Bg7 8. Bg5 O-O
9. Qd2 Re8 10. Bd3 a6 11. a4 Nbd7 12. Nh3 Rb8 13. Nf2 Qc7 14. b3 b6 15. O-O Bb7
16. Rab1 Rbc8 17. Rfc1 Qb8 18. b4 cxb4 19. Rxb4 Rc7 20. Be3 Qc8 21. Nfd1 Qd8 22.
Rcb1 Nh5 23. Bxb6 Nxb6 24. Rxb6 Bd4+ 25. Kh1 Bxb6 26. Rxb6 Qe7 27. Qb2 Ra8 28.
Qb4 Nf4 29. Bf1 Rd7 30. a5 h5 31. Ne3 Rc8 32. g3 Rdc7 33. Ned1 Nxd5 34. exd5 Qe1
35. Kg1 Rxc3 36. Nxc3 Qe3+ 37. Kg2 Rxc3 38. Qe4 Qd2+ 39. Be2 Re3 40. Rb2 Qxb2
41. Qxe3 Bxd5 42. Qd3 Bb7 43. Kf2 Qb4 44. Qd1 d5 45. Qa1 d4 46. f4 Qd2 47. Qb1
Qe3+ 48. Ke1 Qg1+ 49. Bf1 Bg2 50. Qd3 Bxf1 51. Qxf1 Qxh2 52. Qxa6 Qxg3+ 53. Kd1
Qxf4 54. Qc8+ Kg7 55. a6 Qf1+ 56. Kd2 Qf2+ 57. Kd1 Qf3+ 58. Kd2 Qe3+ 59. Kd1 d3
60. Qc3+ Kh7 61. Qd2 Qf3+ 62. Ke1 Qg3+ 63. Kd1 Qg4+ 64. Ke1 Qe6+ 0-1

[Event "Mistrzostwa Miedzywojewodzkie Juniorow OP-SL C 15"]
[Site "Szczyrk"]
[Date "2012-10-21"]
[Round "3.8"]
[White "Karp, Maciej"]
[Black "Swierad, Lukasz"]
[Result "0-1"]
[WhiteTitle "II"]
[BlackTitle "II"]
[WhiteElo "1470"]
[BlackElo "1464"]

1. e4 c5 2. c4 Nc6 3. Ne2 d6 4. d4 cxd4 5. Nxd4 g6 6. Be3 Bg7 7. Be2 Nf6 8. Nc3
O-O 9. O-O Bd7 10. Qd2 Ne5 11. h3 Nc6 12. Rad1 Nxd4 13. Bxd4 Bc6 14. f3 a5 15.
Nd5 Bxd5 16. cxd5 Nh5 17. Bf2 Be5 18. Rc1 Bf4 19. Be3 Bxe3+ 20. Qxe3 Ng3 21. Rfd1
Nxe2+ 22. Qxe2 Qb6+ 23. Kf1 Rfc8 24. Qd2 Qb5+ 25. Kf2 Rc5 26. Rc3 Rac8 27. Rdc1
a4 28. R1c2 Qb4 29. Qc1 b6 30. Rxc5 bxc5 31. Rc4 Qb5 32. Qc2 Rb8 33. Rxa4 Qxb2
34. Qxb2 Rxb2+ 35. Ke3 Rxg2 36. Ra8+ Kg7 37. a4 Ra2 38. a5 Kf6 39. a6 Ra3+ 40.
Ke2 h5 41. a7 Ke5 42. Rf8 Rxa7 43. Rxf7 Kd4 44. h4 Ra2+ 45. Kd1 Kd3 46. Kc1 Ra7
47. e5 Rd7 48. e6 Ra7 49. Rg7 c4 50. Rxg6 c3 51. Kb1 c2+ 0-1

[Event "Mistrzostwa Miedzywojewodzkie Juniorow OP-SL C 15"]
[Site "Szczyrk"]
[Date "2012-10-21"]
[Round "3.9"]
[White "Slezinski, Nikodem"]
[Black "Swiech, Przemyslaw"]
[Result "1-0"]
[WhiteTitle "II"]
[BlackTitle "II"]
[WhiteElo "1708"]
[BlackElo "1524"]

1. e4 e6 2. d4 d5 3. e5 c5 4. Qg4 Qc7 5. Nf3 cxd4 6. Bd3 Nc6 7. Qg3 a6 8. O-O Nge7
9. a3 g6 10. Re1 Bg7 11. Bf4 Bd7 12. Nbd2 Rc8 13. h4 h6 14. Nb3 a5 15. Nbxd4 Nxd4
16. Nxd4 Qb6 17. Qe3 Qc7 18. Rac1 b6 19. c4 Qb7 20. cxd5 Nxd5 21. Qf3 Qb8 22.
Rxc8+ Qxc8 23. Rc1 Qb8 24. Nb5 Bxe5 25. Bxe5 Qxe5 26. Qe4 Qxe4 27. Bxe4 Ke7 28.
Nd4 f5 29. Bxd5 exd5 30. Rc7 Kd6 31. Rb7 b5 32. Nxb5+ Bxb5 33. Rxb5 g5 34. h5
Ke5 35. Kf1 Rd8 36. Ke2 Ke4 37. g3 f4 38. Rxa5 Rb8 39. f3+ Kd4 40. Ra4+ Ke5 41.
gxf4+ gxf4 42. Rb4 Rg8 43. a4 Rg5 44. a5 Rxh5 45. a6 Rh1 46. Ra4 1-0

[Event "Mistrzostwa Miedzywojewodzkie Juniorow OP-SL C 15"]
[Site "Szczyrk"]
[Date "2012-10-21"]
[Round "4.1"]
[White "Karpacz, Piotr"]
[Black "Mazur, Bartlomiej"]
[Result "1/2-1/2"]
[WhiteTitle "II+"]
[BlackTitle "II+"]
[WhiteElo "1822"]
[BlackElo "1621"]

1. d4 d6 2. c4 e5 3. d5 g6 4. e4 Bg7 5. Nc3 f5 6. exf5 Bxf5 7. Nge2 Nh6 8. Ng3
O-O 9. f3 Na6 10. Be3 Nb4 11. Rc1 Qc8 12. Be2 Nf7 13. O-O Na6 14. a3 Re8 15. b4
b6 16. Na4 e4 17. f4 Qb7 18. Bd4 Nh6 19. Bxg7 Kxg7 20. Qd4+ Kg8 21. Nc3 c5 22.
dxc6 Qxc6 23. Nd5 Re6 24. Nf6+ Rxf6 25. Qxf6 Rf8 26. Qd4 Nc7 27. Rcd1 Rd8 28.
Qf6 Rd7 29. c5 Ne8 30. Bc4+ Nf7 31. Bxf7+ Rxf7 32. Qd4 dxc5 33. bxc5 Qxc5 34.
Kh1 Qxd4 35. Rxd4 Nc7 36. Nxe4 Nb5 37. Rd8+ Kg7 38. Nd6 Nxd6 39. Rxd6 Rc7 40.
Rd2 Rc3 41. Ra2 Rc4 42. g3 Ra4 43. Rb2 Kh6 44. Kg2 Kg7 45. Rb3 Be6 46. Rc3 h5
47. Rb1 Rd4 48. Rb2 Bd5+ 49. Kf2 Ra4 50. Rb4 Ra5 51. Rd4 Kf6 52. Re3 Ba2 53. h3
Rc5 54. Rd2 Bc4 55. g4 hxg4 56. hxg4 Rc6 57. Kg3 g5 58. f5 b5 59. Rd7 a5 60. Ra7
a4 61. Rh7 Bd5 62. Rh6+ Kf7 63. Rxc6 Bxc6 64. Re6 Bd5 65. Rg6 Bc4 66. Rxg5 Kf6
67. Kf4 Bf7 68. Ke4 Kxg5 69. Kd4 Kxg4 70. Kc5 Kxf5 71. Kxb5 Bb3 72. Kb4 Ke4 73.
Kc3 Ke3 74. Kb2 1/2-1/2

[Event "Mistrzostwa Miedzywojewodzkie Juniorow OP-SL C 15"]
[Site "Szczyrk"]
[Date "2012-10-21"]
[Round "4.2"]
[White "Kosmala, Mateusz"]
[Black "Lizak, Jakub"]
[Result "1/2-1/2"]
[WhiteTitle "I"]
[BlackTitle "I"]
[WhiteElo "1865"]
[BlackElo "1858"]

1. d4 c5 2. d5 e5 3. e4 d6 4. Nc3 Be7 5. Nf3 Bg4 6. h3 Bxf3 7. Qxf3 Bg5 8. Bb5+
Kf8 9. Bxg5 Qxg5 10. Bd3 a6 11. a4 Nd7 12. a5 Rc8 13. b3 h5 14. g3 h4 15. g4 Rh6
16. Qe3 Qd8 17. Ne2 Ne7 18. f3 Ng6 19. O-O Kg8 20. Kh2 1/2-1/2

[Event "Mistrzostwa Miedzywojewodzkie Juniorow OP-SL C 15"]
[Site "Szczyrk"]
[Date "2012-10-21"]
[Round "4.3"]
[White "Szczecina, Kamil"]
[Black "Pawlowski, Maciej"]
[Result "0-1"]
[WhiteTitle "I"]
[BlackTitle "II+"]
[WhiteElo "1866"]
[BlackElo "1716"]

1. e4 e6 2. d4 d5 3. exd5 exd5 4. Bd3 Nc6 5. c3 Bd6 6. h3 Nf6 7. Qf3 O-O 8. Ne2
Re8 9. Bg5 Be7 10. Be3 Ne4 11. Bxe4 dxe4 12. Qxe4 Nb4 13. Kd1 Nd5 14. Qf3 b5 15.
Nf4 Bb7 16. Nxd5 Bxd5 17. Qg4 b4 18. Nd2 bxc3 19. bxc3 Rb8 20. c4 Be6 21. Qe2
Bf6 22. Qd3 c5 23. Nb3 cxd4 24. Bd2 Qc8 25. Rc1 Qc6 26. Rg1 Qa4 27. Rc2 Rec8 28.
Bf4 Rb4 29. c5 Bxb3 30. axb3 Rxb3 31. Qc4 Rb1+ 32. Bc1 Rxc1+ 33. Kxc1 Qa1+ 0-1

[Event "Mistrzostwa Miedzywojewodzkie Juniorow OP-SL C 15"]
[Site "Szczyrk"]
[Date "2012-10-21"]
[Round "4.4"]
[White "Lebioda, Jan"]
[Black "Klimek, Piotr"]
[Result "0-1"]
[WhiteTitle "III"]
[BlackTitle "I"]
[WhiteElo "1353"]
[BlackElo "1773"]

1. e4 c5 2. c3 g6 3. d4 cxd4 4. cxd4 d5 5. e5 Nc6 6. Nf3 Bg4 7. Be3 e6 8. a3 Bg7
9. Nc3 Nge7 10. h3 Bxf3 11. Qxf3 Qb6 12. Nb5 O-O 13. Rd1 a6 14. Nd6 Qxb2 15. h4
Qc3+ 16. Rd2 h5 17. g4 Nxd4 18. Qg3 Nc2+ 19. Ke2 Nxe3 20. fxe3 Bxe5 21. Qg1 Bxd6
22. gxh5 Nf5 23. Rd3 Ng3+ 24. Kd1 Qa1+ 25. Kd2 Rac8 0-1